Communication & Soft Skill Development (Record no. 9060)

MARC details
000 -LEADER
fixed length control field 00432nam a22001697a 4500
003 - CONTROL NUMBER IDENTIFIER
control field OSt
008 - FIXED-LENGTH DATA ELEMENTS--GENERAL INFORMATION
fixed length control field 200715b ||||| |||| 00| 0 eng d
020 ## - INTERNATIONAL STANDARD BOOK NUMBER
International Standard Book Number 9789386353542
082 ## - DEWEY DECIMAL CLASSIFICATION NUMBER
Classification number 158.1 OSC
100 ## - MAIN ENTRY--PERSONAL NAME
Personal name Oswal ,Rajesh J and Antre , Rishikesh V
245 ## - TITLE STATEMENT
Title Communication & Soft Skill Development
250 ## - EDITION STATEMENT
Edition statement 2019
260 ## - PUBLICATION, DISTRIBUTION, ETC. (IMPRINT)
Place of publication, distribution, etc New Delhi
Name of publisher, distributor, etc Nirali
300 ## - PHYSICAL DESCRIPTION
Extent Pg-10.24
650 ## - SUBJECT ADDED ENTRY--TOPICAL TERM
Topical term or geographic name as entry element Communication Skills
942 ## - ADDED ENTRY ELEMENTS (KOHA)
Source of classification or shelving scheme Dewey Decimal Classification
Koha item type Text Books
Holdings
Withdrawn status Lost status Source of classification or shelving scheme Damaged status Not for loan Collection code Home library Current library Date acquired Source of acquisition Currency Cost, normal purchase price Bill Number Total Checkouts Full call number Acc. no. / Barcode Date last seen Date last borrowed Actual Cost, discounted price Bill Date Koha item type
    Dewey Decimal Classification     B.Pharma PIET C-LIBRARY PIET C-LIBRARY 01/02/2020 Kirti Prakashan Indian Rup 170.00 IN6233 2 158.1 OSC BP987 15/12/2021 02/12/2021 129.50 01/02/2020 Reference Books
    Dewey Decimal Classification     B.Pharma PIET C-LIBRARY PIET C-LIBRARY 01/02/2020 Kirti Prakashan Indian Rup 170.00 IN6233 2 158.1 OSC BP988 14/12/2021 02/12/2021 129.50 01/02/2020 Text Books
    Dewey Decimal Classification     B.Pharma PIET C-LIBRARY PIET C-LIBRARY 01/02/2020 Kirti Prakashan Indian Rup 170.00 IN6233 2 158.1 OSC BP989 18/07/2025 17/07/2025 129.50 01/02/2020 Text Books

Design & Developed by: PIET Central Library
R70 Miles Stone Pattikalyana Samalkha Panipat 132102
mail ID :- [email protected], Phone No:- 0180-2569700 Ex.216